1918-1939 гг.; Новейшая история стран Западной Европы и Америки

Bibliographic Details
Parent link:Новейшая история стран Западной Европы и Америки. Т. 1.— , 1959
Language:Russian
Published: 1959
Subjects:
Format: Book
KOHA link:https://koha.lib.tpu.ru/cgi-bin/koha/opac-detail.pl?biblionumber=15764

MARC

LEADER 00000nam0a2200000 4500
001 15764
005 20231030190323.0
035 |a (RuTPU)RU\TPU\book\15877 
035 |a BOOK00000565 
090 |a 15764 
100 |a 20011209d1959 m y0rusy50 ca 
101 0 |a rus 
102 |a RU 
105 |a y j 000zy 
200 1 |a 1918-1939 гг. 
210 |d 1959 
215 |a 807 с. 
461 |t Новейшая история стран Западной Европы и Америки  |v Т. 1  |d 1959 
610 1 |a история 
610 1 |a Всемирная история 
610 1 |a новейшая история 
610 1 |a 20 век 
610 1 |a Европа 
610 1 |a Западная Европа 
610 1 |a Америка 
610 1 |a США 
610 1 |a учебные пособия 
686 |a Т3(0)6я7  |v LBC/SL-A  |2 rubbk 
801 0 |a RU  |b 63413507  |c 20011209  |g PSBO 
801 2 |a RU  |b 63413507  |c 20080303  |g PSBO 
942 |c BK